000 00895nam a22002297a 4500
003 UA-OsUOA
001 99881
007 ta
008 20130520b un ||||| |||| 00| 0 ukr d
100 _aУспенский Г.И.
090 _a821.161.1
_bУ77
942 _cBK
040 _aUA-OsUOA
_brus
_cUA-OsUOA
_dUA-OsUOA
245 _aСобрание сочинений в девяти томах
_bТ.4
_cИз деревенского дневника. Мученики мелкого кредита. Непорванние связи. Овца без стада. Малые ребята. Без определенных занятий
300 _a606 с.
955 _a2
041 _arus
080 _a821.161.1
260 _aМ.
_bХудожественная литература
_c1956
650 7 _a82 Література. Літературознавство
_2UDC
999 _c386110
_d386110